000 00643nam a2200133Ia 4500
008 180412s9999||||xx |||||||||||||| ||und||
020 _a407135758
040 _aAhmadu Bello University Library - Zaria
100 _aJEFFERSON, Keith.
245 0 _aClinical cariac radiology
_cKeith Jefferson, Simon Rues.
260 _aLondon
_bButterworths
_c1976
300 _axi, 314p.: ill.
600 _aGrenz rays.;Diagnostic aspects;Gamma rays.;Roentgen rays (X-rays).;Natural science;Radiology and Atomic Energy;Radiography, radioscopy, radiodiagnosis, skiagraphy, tomography.;Radiological anatomy;X-rays in diagnosis, and in biological research (the study
700 _aRUES, Simon.
999 _c295
_d295